Purkyňovy přednášky z embryologie před 100 lety /

Hlavní autor: Frankenberger, Zdeněk, 1892-1966
Jazyk: Čeština
Vydáno: Praha : Zdravotnické nakladatelství, 1950
Edice: Thomayerova sbírka. Přednášky a rozpravy z oboru lékařského
Témata:
Fyzický popis: 57 stran, obrazová příloha : ilustrace
Knihy
Uloženo v:
LEADER 01475nam a22003852i 4500
001 001487085
003 CZ BrMZK
005 20160324110037.0
007 ta
008 150907s1950 xr af er|||||||||||cze d
015 |a cnb000715504 
035 |a (OCoLC)14657997 
040 |a ABD006  |b cze  |c ABD006  |d BOA001  |e rda 
072 7 |a 581  |x Obecná botanika  |2 Konspekt  |9 2 
072 7 |a 591  |x Obecná zoologie  |2 Konspekt  |9 2 
072 7 |a 611  |x Anatomie člověka a srovnávací anatomie  |2 Konspekt  |9 14 
080 |a 581.3  |2 MRF 
080 |a 591.31/.33  |2 MRF 
080 |a 611.013  |2 MRF 
100 1 |a Frankenberger, Zdeněk,  |d 1892-1966  |7 jk01031746  |4 aut 
245 1 0 |a Purkyňovy přednášky z embryologie před 100 lety /  |c Zdeněk Frankenberger 
264 1 |a Praha :  |b Zdravotnické nakladatelství,  |c 1950 
300 |a 57 stran, obrazová příloha :  |b ilustrace 
336 |a text  |b txt  |2 rdacontent 
337 |a bez média  |b n  |2 rdamedia 
338 |a svazek  |b nc  |2 rdacarrier 
490 1 |a Thomayerova sbírka přednášek a rozprav z oboru lékařského ;  |v 280, sešit 7/1950 
500 |a Příloha k Časopisu lékařů českých číslo 30/1950 
504 |a Obsahuje rejstřík 
650 0 7 |a embryologie  |7 ph119917  |2 czenas 
830 0 |a Thomayerova sbírka.  |p Přednášky a rozpravy z oboru lékařského  |0 s 
910 |a BOA001  |b 2-0258.541 
990 |a BK 
991 |b 201508 
996 6 |b 2618723203  |c 2-0258.541  |l MZK  |r Sklad / do 24 hodin  |n 0  |w 001522114  |u 000010  |a 1  |e BOA001  |j MZK50  |s P